| 000 | 00801nam a2200181 a 4500 | ||
|---|---|---|---|
| 008 | 071120s1991 ||||||||||||||||| || u | ||
| 020 | _a0750602937 | ||
| 050 | _aTJ 1160 Jef | ||
| 100 | _aJeffrey, Dick | ||
| 245 | 1 | 0 |
_aPrinciples of machine operation and maintenance _cDick Jeffrey |
| 260 |
_aOxford _bButterworth/Heinemann _c1991 |
||
| 300 | _aviii, 147p.: ill. | ||
| 350 | _a0.00 | ||
| 650 | _aENGINEERING | ||
| 650 | _aMACHINE--TOOLS--OPERATIONS | ||
| 995 |
_aMAIN LIBRARY OPEN ACCESS _D0.00 _e738037 _FCBU-MAIN LIBRARY (Kitwe) _H1 _I0.00 _jTJ 1160 JEF _M1 _UAVAILABLE _WNov 20, 2007 _y738037 _ZMain Library Open Access Collection |
||
| 995 |
_aMAIN LIBRARY OPEN ACCESS _D0.00 _e738063 _FCBU-MAIN LIBRARY (Kitwe) _H1 _I0.00 _jTJ 1160 JEF _M2 _UAVAILABLE _WNov 20, 2007 _y738063 _ZMain Library Open Access Collection |
||
| 999 |
_c77333 _d77333 |
||